[Event "Sodingen 2- Altenessen"]
[Site "?"]
[Date "2023.04.30"]
[Round "8.8"]
[White "Cobanoglu, Ferhat"]
[Black "Birdaini, Becir"]
[Result "1-0"]
[WhiteElo "1859"]
[BlackElo "1939"]
[PlyCount "87"]
[SourceDate "2022.10.02"]

1. d3 d5 2. g3 Nf6 3. Nf3 h6 4. Bg2 c6 5. O-O Bg4 6. h3 Bh5 7. c4 e6 8. Nc3
Nbd7 9. e4 d4 10. Ne2 e5 11. g4 Bg6 12. Nh4 Bd6 13. Nf5 Bxf5 14. exf5 a5 15.
Re1 O-O 16. Ng3 Nh7 17. Ne4 Ndf6 18. Nxd6 Qxd6 19. Qf3 Rfe8 20. Qg3 Nd7 21. Bd2
a4 22. h4 f6 23. Re2 Re7 24. Rae1 Rae8 25. a3 Kh8 26. Bb4 Nc5 27. Qh2 Kg8 28.
f4 exf4 29. Rxe7 Rxe7 30. Rxe7 Qxe7 31. Qxf4 Nf8 32. Qxd4 Nb3 33. Qf4 c5 34.
Bd5+ Kh7 35. Bc3 Nd7 36. Be6 Nf8 37. Qe4 Qd6 38. Kg2 b6 39. g5 hxg5 40. hxg5
fxg5 41. Be5 Qd8 42. Bd5 Nd4 43. Kf1 Qd7 44. Qh1# 1-0

[Event "Brambauer- Brackel 4"]
[Site "?"]
[Date "2023.04.30"]
[Round "8.1"]
[White "Strack, Patrick"]
[Black "Schulz, Hartmut"]
[Result "1/2-1/2"]
[WhiteElo "1648"]
[BlackElo "2039"]
[PlyCount "30"]
[SourceDate "2022.10.02"]

1. e4 c6 2. d4 d5 3. exd5 cxd5 4. c4 Nf6 5. Nc3 Nc6 6. Nf3 e6 7. c5 Ne4 8. Bd3
f5 9. O-O Be7 10. Re1 O-O 11. Bb5 Bd7 12. Bxc6 Bxc6 13. Ne5 Be8 14. Qd3 Bf6 15.
Nxe4 fxe4 1/2-1/2

[Event "Brambauer- Brackel 4"]
[Site "?"]
[Date "2023.04.30"]
[Round "8.2"]
[White "Remmler, Volker"]
[Black "Gromov, Alexander"]
[Result "1/2-1/2"]
[WhiteElo "2141"]
[BlackElo "1796"]
[PlyCount "27"]
[SourceDate "2022.10.02"]

1. d4 Nf6 2. c4 g6 3. Nf3 Bg7 4. g3 O-O 5. Bg2 e6 6. O-O d5 7. Nc3 c6 8. h3
Nbd7 9. cxd5 exd5 10. Be3 h6 11. Qd2 Kh7 12. Rad1 Nb6 13. b3 Ne4 14. Qc2
1/2-1/2

[Event "Brambauer- Brackel 4"]
[Site "?"]
[Date "2023.04.30"]
[Round "8.3"]
[White "Kaluza, Lucas"]
[Black "Koth, Stefan"]
[Result "1/2-1/2"]
[WhiteElo "1764"]
[BlackElo "2126"]
[PlyCount "30"]
[SourceDate "2022.10.02"]

1. e4 c5 2. Nf3 e6 3. d4 cxd4 4. c3 d3 5. Bxd3 Nc6 6. c4 Qc7 7. O-O Nf6 8. Nc3
a6 9. h3 b6 10. Be3 Bc5 11. Qe2 d6 12. Rac1 Ne5 13. Nd4 O-O 14. Rfd1 Bb7 15. b3
Rfd8 1/2-1/2

[Event "Brambauer- Brackel 4"]
[Site "?"]
[Date "2023.04.30"]
[Round "8.4"]
[White "Wagner, Norbert"]
[Black "Vorobyov, Boris"]
[Result "1-0"]
[WhiteElo "2144"]
[BlackElo "1683"]
[PlyCount "105"]
[SourceDate "2022.10.02"]

1. Nf3 d5 2. d4 Nf6 3. Bf4 c5 4. c3 Nc6 5. e3 Bg4 6. Be2 e6 7. Qb3 Qb6 8. Nbd2
cxd4 9. Qxb6 axb6 10. exd4 Kd7 11. O-O Bd6 12. Bxd6 Kxd6 13. Rfe1 Bxf3 14. Bxf3
Rhc8 15. a3 Na5 16. Be2 Nc4 17. Nxc4+ dxc4 18. g3 b5 19. f4 Nd5 20. Bf3 b6 21.
Rad1 Ra7 22. Rd2 Re7 23. Rde2 Rce8 24. Kf2 g6 25. h3 h6 26. Be4 f5 27. Bf3 g5
28. Bxd5 exd5 29. Rxe7 Rxe7 30. Re5 gxf4 31. gxf4 Rf7 32. Kg3 Rg7+ 33. Kh4 Rg2
34. Rxf5 Ke6 35. Re5+ Kf6 36. Rxd5 Rxb2 37. Kg4 Rb3 38. Rd6+ Ke7 39. Rxb6 Rxc3
40. Rxb5 Rxa3 41. Rc5 Ra4 42. Kf5 Ra3 43. h4 c3 44. h5 Rb3 45. Ke5 c2 46. Rxc2
Rh3 47. Rc7+ Kd8 48. Rh7 Rxh5+ 49. f5 Rh1 50. f6 Re1+ 51. Kd6 Ke8 52. Re7+ Rxe7
53. fxe7 1-0

[Event "Brambauer- Brackel 4"]
[Site "?"]
[Date "2023.04.30"]
[Round "8.5"]
[White "Moerchel, Lou"]
[Black "Zimmermann, Dirk"]
[Result "1/2-1/2"]
[WhiteElo "1738"]
[BlackElo "1880"]
[PlyCount "96"]
[SourceDate "2022.10.02"]

1. e4 c6 2. d4 d5 3. exd5 cxd5 4. Bd3 Nc6 5. c3 Qc7 6. Be3 Nf6 7. Nd2 g6 8.
Ngf3 Bf5 9. Qc2 Bxd3 10. Qxd3 Bg7 11. Bg5 O-O 12. O-O e6 13. h3 Rfc8 14. Qe3
Na5 15. Bf4 Nc4 16. Nxc4 Qxc4 17. Be5 b5 18. Rfc1 Qc6 19. Nd2 a5 20. a3 Nd7 21.
Bxg7 Kxg7 22. Nf3 Qd6 23. Nd2 Nb6 24. f4 Nc4 25. Nxc4 Rxc4 26. Qe5+ Qxe5 27.
fxe5 Rac8 28. Rf1 R8c7 29. Rf3 b4 30. axb4 axb4 31. Rc1 Rxd4 32. Rxf7+ Kxf7 33.
Rf1+ Ke7 34. cxd4 Rc4 35. Ra1 Kf7 36. Ra7+ Kg8 37. Re7 Rxd4 38. Rxe6 Rd2 39.
Rd6 Kf7 40. Kf1 b3 41. Kg1 Ke7 42. Kh2 Rxb2 43. Rxd5 Re2 44. Rb5 b2 45. Kg3 Ke6
46. Kf3 Rc2 47. g4 Rc3+ 48. Kg2 Rc2+ 1/2-1/2

[Event "Borbeck 2- Kamen 2"]
[Site "?"]
[Date "2023.04.30"]
[Round "8.1"]
[White "Rumpf, Thomas"]
[Black "Strauß, Dirk"]
[Result "1/2-1/2"]
[WhiteElo "2101"]
[BlackElo "1921"]
[PlyCount "93"]
[SourceDate "2022.10.02"]

1. e4 c5 2. Nc3 e6 3. Nf3 Nc6 4. g3 d5 5. Bg2 d4 6. Ne2 e5 7. d3 Be7 8. O-O h5
9. h3 h4 10. g4 f6 11. Nh2 g5 12. c4 Be6 13. Bd2 Qd7 14. a3 Nh6 15. f3 Nf7 16.
Rb1 Rb8 17. Qc2 O-O 18. Rfc1 Rfc8 19. Nf1 b5 20. b3 Nfd8 21. Be1 a6 22. Nd2 Kg7
23. Bf1 Nb7 24. Ra1 Nba5 25. Rcb1 Rb7 26. Nc1 Rbb8 27. Be2 Qd8 28. Bd1 Qd7 29.
Kf1 Nb7 30. Ra2 Nd6 31. Rba1 a5 32. cxb5 Rxb5 33. Nc4 Qc7 34. Qd2 Rcb8 35. Bc2
Ra8 36. Kg1 Nf7 37. Qd1 Nh8 38. Bd2 Ng6 39. Ne2 Rab8 40. Qe1 Ra8 41. Kh2 Nf4
42. Nxf4 exf4 43. Kg2 Rab8 44. a4 Rb4 45. Bxb4 Nxb4 46. Qd2 Bxc4 47. bxc4
1/2-1/2

[Event "Borbeck 2- Kamen 2"]
[Site "?"]
[Date "2023.04.30"]
[Round "8.2"]
[White "Kindermann, Carsten"]
[Black "Bals, Jochen"]
[Result "1-0"]
[WhiteElo "1924"]
[BlackElo "1907"]
[PlyCount "103"]
[SourceDate "2022.10.02"]

1. e4 c5 2. c3 Nf6 3. e5 Nd5 4. d4 cxd4 5. cxd4 d6 6. Nf3 Nc6 7. Be2 e6 8. O-O
Be7 9. a3 O-O 10. Qd3 Qc7 11. Qe4 f5 12. exf6 Nxf6 13. Qc2 Bd7 14. Nc3 a6 15.
Bg5 Rac8 16. Rac1 Qd8 17. Bd3 h6 18. Bh4 b5 19. Qd2 Qb6 20. b4 Qd8 21. Bb1 Qe8
22. Rfe1 Qf7 23. d5 Nd8 24. dxe6 Bxe6 25. Nd4 Rc4 26. Nxe6 Nxe6 27. Ba2 Rfc8
28. Qe3 Ng4 29. Qxe6 Bxh4 30. Qxc8+ Rxc8 31. Bxf7+ Kxf7 32. g3 Bg5 33. f4 Bf6
34. Nd5 Bd4+ 35. Kg2 Rxc1 36. Rxc1 Bb2 37. Rc2 Bxa3 38. Ra2 Bc1 39. Rxa6 Ke6
40. Nc7+ Ke7 41. Nxb5 Ne3+ 42. Kf3 Nc4 43. Nc7 Ba3 44. Ke4 Kd7 45. Nd5 Bb2 46.
b5 Nd2+ 47. Kf5 Nb3 48. Ra7+ Kc8 49. Ne7+ Kb8 50. Nc6+ Kc8 51. Ke6 Bd4 52. Rf7
1-0

[Event "Borbeck 2- Kamen 2"]
[Site "?"]
[Date "2023.04.30"]
[Round "8.3"]
[White "Koch, Marcel"]
[Black "Sanders, Cedric"]
[Result "1-0"]
[WhiteElo "1902"]
[BlackElo "1767"]
[PlyCount "113"]
[SourceDate "2022.10.02"]

1. d4 Nf6 2. c4 g6 3. Nc3 Bg7 4. e4 d6 5. f3 a5 6. Be3 O-O 7. Qd2 e5 8. d5 Na6
9. Nge2 Ne8 10. g4 c6 11. O-O-O cxd5 12. Nxd5 Nc5 13. h4 a4 14. Bxc5 dxc5 15.
Nec3 Nf6 16. Be2 Be6 17. Qe3 b6 18. h5 Bxd5 19. Nxd5 Nxd5 20. Rxd5 Qf6 21. Kc2
Rfd8 22. hxg6 fxg6 23. Rhd1 Rxd5 24. cxd5 Qd6 25. Bb5 Ra5 26. Qd3 Bh6 27. Qc4
a3 28. b3 Be3 29. Qe2 Bd4 30. Bc4 Ra7 31. Rh1 Rb7 32. Bb5 Qf6 33. Rf1 Qf4 34.
d6 Kg7 35. d7 Rb8 36. Qd2 Qf6 37. Qh2 Qg5 38. Rh1 Rh8 39. Qh4 Qxh4 40. Rxh4 Rd8
41. Kd3 h6 42. Kc4 Be3 43. Kd5 Bg5 44. Rh1 Rf8 45. Be2 Bd8 46. Kxe5 Rf6 47. Kd5
g5 48. Rd1 Kf7 49. e5 Re6 50. Ke4 Ke7 51. Bc4 Rg6 52. Kf5 Rc6 53. Bd5 Rc7 54.
e6 b5 55. Ke5 Ra7 56. Rh1 Bc7+ 57. Ke4 1-0

[Event "Borbeck 2- Kamen 2"]
[Site "?"]
[Date "2023.04.30"]
[Round "8.4"]
[White "Dippel, Olaf"]
[Black "Riemer, Dominik"]
[Result "1-0"]
[WhiteElo "1765"]
[BlackElo "1786"]
[PlyCount "87"]
[SourceDate "2022.10.02"]

1. Nf3 Nf6 2. g3 g6 3. d4 Bg7 4. Bg2 O-O 5. O-O d6 6. c4 Nbd7 7. Nc3 e5 8. Qc2
a5 9. a4 exd4 10. Nxd4 Nc5 11. Bf4 Nh5 12. Be3 f5 13. Nb3 Na6 14. Nd5 c6 15.
Nb6 Nb4 16. Qd2 Ra6 17. c5 Be6 18. Nxa5 dxc5 19. Qxd8 Rxd8 20. Nxb7 Rb8 21.
Nxc5 Raxb6 22. Nxe6 Ra6 23. Nxg7 Nxg7 24. Rfc1 Ne6 25. Bc5 Nd5 26. e4 fxe4 27.
Bxe4 Rxb2 28. Bd6 Kf7 29. Bd3 Ra7 30. Rxc6 Nd4 31. Rc8 Nf3+ 32. Kg2 Ng5 33. Bc5
Ra5 34. Bc4 Ke6 35. Rc6+ Ke5 36. Re1+ Ne4 37. Bd6+ Kd4 38. Rd1+ Nd2 39. Bb5
Ne3+ 40. fxe3+ Ke4 41. Kh3 Nf3 42. Rc4+ Kxe3 43. Rc3+ Kf2 44. Rf1# 1-0

[Event "Borbeck 2- Kamen 2"]
[Site "?"]
[Date "2023.04.30"]
[Round "8.6"]
[White "Kalkhoff, Thomas"]
[Black "Bals, Thabo"]
[Result "1-0"]
[WhiteElo "1887"]
[BlackElo "1570"]
[PlyCount "95"]
[SourceDate "2022.10.02"]

1. d4 d5 2. Nf3 Nf6 3. e3 e6 4. Bd3 c5 5. c3 c4 6. Bc2 Nc6 7. Nbd2 Bd6 8. O-O
O-O 9. e4 Nxe4 10. Nxe4 dxe4 11. Bxe4 Qc7 12. Qe2 f5 13. Bc2 Ne7 14. Re1 h6 15.
h4 b5 16. a4 b4 17. cxb4 Bxb4 18. Bd2 c3 19. bxc3 Bxc3 20. Bxc3 Qxc3 21. Rac1
Qa3 22. Qb5 a6 23. Qc5 Qxc5 24. dxc5 Nc6 25. Bb3 Re8 26. Rcd1 Rd8 27. Rxd8+
Nxd8 28. Nd4 g6 29. Nxe6 Bxe6 30. Bxe6+ Nxe6 31. Rxe6 Kf7 32. Rb6 Rc8 33. c6 a5
34. Kf1 g5 35. h5 g4 36. Ke2 Kf6 37. Kd3 Kg5 38. Kc4 Kxh5 39. Kd5 Kg5 40. Kd6
h5 41. Kd7 Rg8 42. c7 h4 43. c8=Q Rxc8 44. Kxc8 h3 45. gxh3 gxh3 46. Rb7 Kg4
47. Rg7+ Kf3 48. Rg3+ 1-0

[Event "Borbeck 2- Kamen 2"]
[Site "?"]
[Date "2023.04.30"]
[Round "8.5"]
[White "Rotter, Chris"]
[Black "Braun, Joshua"]
[Result "1-0"]
[WhiteElo "1726"]
[BlackElo "1613"]
[PlyCount "167"]
[SourceDate "2022.10.02"]

1. Nf3 d5 2. d4 Nf6 3. g3 Bf5 4. Bg2 h6 5. O-O e6 6. Nbd2 c5 7. c3 Nc6 8. Nb3
c4 9. Nbd2 Bd6 10. a4 a6 11. b3 cxb3 12. Qxb3 Na5 13. Qa2 Rc8 14. c4 Nxc4 15.
Nxc4 Rxc4 16. e3 O-O 17. Ba3 Rxa4 18. Qb3 Rxa3 19. Rxa3 Bxa3 20. Qxa3 Ne4 21.
Qb4 Nd6 22. Ra1 Qc7 23. Nd2 Nb5 24. Nb3 Qc3 25. Qxc3 Nxc3 26. Nc5 Rb8 27. Bf1
Ne4 28. Nd7 Rd8 29. Ne5 Nd2 30. Bd3 Be4 31. Bxe4 Nxe4 32. Rb1 Nd6 33. Nd3 Rc8
34. Nc5 Rc7 35. Rb6 Nc4 36. Rxb7 Rxb7 37. Nxb7 Kf8 38. Kf1 Ke7 39. Ke2 a5 40.
Kd3 a4 41. Nc5 a3 42. e4 Nb2+ 43. Kc2 dxe4 44. Nxe4 Na4 45. Kb3 f5 46. Nd2 a2
47. Kxa2 Nc3+ 48. Kb3 Nd1 49. f3 Kd6 50. Kc2 Nf2 51. Kc3 Kd5 52. Nf1 Nd1+ 53.
Kd3 Nb2+ 54. Kc3 Nc4 55. Kd3 g5 56. h4 Nb2+ 57. Kc3 Nc4 58. Kd3 f4 59. hxg5
hxg5 60. gxf4 gxf4 61. Nh2 Nb2+ 62. Kc3 Nd1+ 63. Kd3 Ne3 64. Ng4 Nf5 65. Nf6+
Kd6 66. Ke4 Ke7 67. Nd5+ Kd6 68. Nxf4 Ng3+ 69. Kd3 e5 70. Ne2 Nf5 71. Ke4 Nxd4
72. Nxd4 exd4 73. Kxd4 Ke6 74. Ke4 Kf6 75. Kf4 Kf7 76. Kg5 Kg7 77. f4 Kf7 78.
Kf5 Kg7 79. Ke6 Kf8 80. Kf6 Kg8 81. Ke7 Kg7 82. f5 Kg8 83. f6 Kh7 84. f7 1-0

[Event "Borbeck 2- Kamen 2"]
[Site "?"]
[Date "2023.04.30"]
[Round "8.7"]
[White "Markert, Dirk"]
[Black "Kalkhoff, Andreas"]
[Result "1-0"]
[WhiteElo "1875"]
[BlackElo "1988"]
[PlyCount "29"]
[SourceDate "2022.10.02"]

1. d4 Nf6 2. Bf4 d5 3. e3 e6 4. c3 Bd6 5. Bg3 b6 6. Nf3 Bb7 7. Nbd2 O-O 8. Bd3
c5 9. Qe2 c4 10. Bc2 b5 11. e4 Bxg3 12. hxg3 Nxe4 13. Nxe4 dxe4 14. Bxe4 Bxe4
15. Qxe4 1-0

[Event "Kirchhellen- Bochum 2"]
[Site "?"]
[Date "2023.04.30"]
[Round "8.1"]
[White "Butschek, Marc"]
[Black "Sinnwell, Horst"]
[Result "1/2-1/2"]
[WhiteElo "1971"]
[BlackElo "2018"]
[PlyCount "37"]
[SourceDate "2022.10.02"]

1. e4 e6 2. d4 d5 3. exd5 exd5 4. Nf3 Nf6 5. c4 c6 6. Nc3 Be7 7. cxd5 Nxd5 8.
Bc4 O-O 9. O-O Nxc3 10. bxc3 Bg4 11. h3 Bh5 12. Re1 Nd7 13. g4 Bg6 14. Ne5 Nxe5
15. dxe5 Bc5 16. Be3 Qe7 17. Bxc5 Qxc5 18. Qd4 Qxd4 19. cxd4 1/2-1/2

[Event "Kirchhellen- Bochum 2"]
[Site "?"]
[Date "2023.04.30"]
[Round "8.2"]
[White "Hoffterheide, Thomas"]
[Black "Stachnik, Adam"]
[Result "1-0"]
[WhiteElo "1950"]
[BlackElo "2103"]
[PlyCount "55"]
[SourceDate "2022.10.02"]

1. e4 c5 2. Nf3 e6 3. d3 Qc7 4. c3 b6 5. g3 Bb7 6. Bg2 Be7 7. O-O d6 8. Nbd2
Nf6 9. Ne1 Nbd7 10. f4 O-O-O 11. a4 a6 12. Qe2 h6 13. Nc4 Rdg8 14. d4 cxd4 15.
cxd4 Nxe4 16. Bxe4 Bxe4 17. Nxd6+ Qxd6 18. Qxe4 Nf6 19. Qa8+ Kd7 20. Qb7+ Ke8
21. Nf3 a5 22. Bd2 g6 23. Rac1 Nd5 24. Rc8+ Bd8 25. Rfc1 Qd7 26. Qb8 Ke7 27.
Ne5 Qxa4 28. Qb7+ 1-0

[Event "Kirchhellen- Bochum 2"]
[Site "?"]
[Date "2023.04.30"]
[Round "8.3"]
[White "Hofmann, Benjamin"]
[Black "Andersen, Knut"]
[Result "1-0"]
[WhiteElo "1676"]
[BlackElo "2119"]
[PlyCount "71"]
[SourceDate "2022.10.02"]

1. e4 c5 2. Nc3 Nc6 3. g3 g6 4. Bg2 Bg7 5. Nge2 e6 6. d3 Nge7 7. O-O O-O 8. f4
d6 9. Be3 b6 10. d4 d5 11. e5 Nf5 12. Bf2 cxd4 13. Nxd4 Ncxd4 14. Bxd4 Ba6 15.
Re1 Rc8 16. Bf2 h5 17. h3 Bh6 18. g4 hxg4 19. hxg4 Nh4 20. g5 Nxg2 21. Kxg2
Bxg5 22. fxg5 Qxg5+ 23. Bg3 Bb7 24. Qd3 Rc4 25. Ne2 Rg4 26. Nd4 Ba6 27. Qa3 Rc8
28. Rad1 Rc4 29. Rd3 Bc8 30. c3 a5 31. b3 Rc5 32. Qb2 Ba6 33. Rf3 Qd8 34. Qf2
Qc7 35. Nxe6 Rxg3+ 36. Rxg3 1-0

[Event "Kichhellen- Bochum 2"]
[Site "?"]
[Date "2023.04.30"]
[Round "8.4"]
[White "Borgs, Martin"]
[Black "Gausmann, Thomas"]
[Result "1/2-1/2"]
[WhiteElo "1939"]
[BlackElo "1705"]
[PlyCount "37"]
[SourceDate "2022.10.02"]

1. d4 d5 2. Nf3 Nf6 3. c4 e6 4. Nc3 a6 5. cxd5 exd5 6. Bg5 c6 7. e3 Be7 8. Bd3
O-O 9. O-O Re8 10. Qc2 Nbd7 11. Rab1 Ne4 12. Bxe7 Qxe7 13. b4 Ndf6 14. a4 Bf5
15. Ne5 Nxc3 16. Qxc3 Bxd3 17. Nxd3 Ne4 18. Qc2 Nd6 19. Qc3 1/2-1/2

[Event "Kichhellen- Bochum 2"]
[Site "?"]
[Date "2023.04.30"]
[Round "8.5"]
[White "Butschek, Gerhard"]
[Black "Schueppel, Werner"]
[Result "0-1"]
[WhiteElo "1664"]
[BlackElo "1967"]
[PlyCount "80"]
[SourceDate "2022.10.02"]

1. g3 g6 2. Bg2 Bg7 3. e4 e5 4. Ne2 Nc6 5. O-O d6 6. c3 Bg4 7. h3 Bxe2 8. Qxe2
Nge7 9. b4 a6 10. Bb2 O-O 11. a4 Qd7 12. d3 d5 13. Nd2 d4 14. b5 axb5 15. axb5
Na7 16. c4 c5 17. Ra3 b6 18. Rfa1 Nec8 19. Kh2 Rb8 20. h4 Rb7 21. Bh3 Qe7 22.
Bg2 Nd6 23. Ra6 Nac8 24. Nb3 Rc7 25. Qd2 Kh8 26. Bh3 f5 27. exf5 gxf5 28. f3 e4
29. Re1 e3 30. Qg2 f4 31. gxf4 Qxh4 32. Qg3 Qxf4 33. Qxf4 Rxf4 34. Kg2 Bf6 35.
Ra8 Rg7+ 36. Bg4 Rgxg4+ 37. fxg4 Rf2+ 38. Kg3 Be5+ 39. Kh4 Rh2+ 40. Kg5 Kg7 0-1

[Event "Bochum 3- Datteln"]
[Site "?"]
[Date "2023.04.30"]
[Round "8.1"]
[White "Buchholz, Peter"]
[Black "Niekrens, Stefan"]
[Result "1-0"]
[WhiteElo "2029"]
[BlackElo "2082"]
[PlyCount "79"]
[SourceDate "2022.10.02"]

1. e4 e5 2. Nf3 Nf6 3. Nc3 Nc6 4. d4 exd4 5. Nxd4 Bb4 6. Nxc6 bxc6 7. Bd3 d5 8.
exd5 O-O 9. O-O cxd5 10. Bg5 c6 11. Na4 Be6 12. c3 Bd6 13. Re1 h6 14. Bh4 Rb8
15. Bc2 Re8 16. Qd4 c5 17. Nxc5 Bxc5 18. Qxc5 g5 19. Bg3 Rxb2 20. Ba4 Bd7 21.
Bb3 Rbe2 22. Rxe2 Rxe2 23. Qxa7 Qe7 24. Rf1 Ne4 25. Bd1 Nxg3 26. hxg3 Re1 27.
Qa8+ Kg7 28. Qxd5 Qe8 29. Rxe1 Qxe1+ 30. Kh2 Be6 31. Qd4+ Kg8 32. a4 Qf1 33. a5
Bc4 34. Bf3 Bd3 35. Bd5 Qe2 36. f3 Qc2 37. Qf6 Bg6 38. a6 Qd3 39. c4 g4 40. a7
1-0

[Event "Bochum 3- Datteln"]
[Site "?"]
[Date "2023.04.30"]
[Round "8.2"]
[White "Abdullayev, Elchin"]
[Black "Becker, Peter"]
[Result "1-0"]
[WhiteElo "1886"]
[BlackElo "1810"]
[PlyCount "63"]
[SourceDate "2022.10.02"]

1. d4 Nf6 2. e3 e6 3. Bd3 c5 4. c3 d5 5. f4 a6 6. Nf3 b6 7. O-O Bb7 8. Ne5 h5
9. Nd2 Nbd7 10. Ndf3 Nxe5 11. Nxe5 Qc7 12. Qe2 c4 13. Bc2 Bd6 14. a4 O-O-O 15.
b3 cxb3 16. Bd3 Ne4 17. Bb2 g5 18. Bxa6 gxf4 19. Bxb7+ Kxb7 20. a5 Bxe5 21.
dxe5 bxa5 22. Rxf4 Rdg8 23. Qb5+ Kc8 24. Rxa5 Qb7 25. Qa4 Rxg2+ 26. Kxg2 Rg8+
27. Kf1 Nd2+ 28. Ke1 Rg1+ 29. Kxd2 Rg2+ 30. Ke1 Rxb2 31. Ra8+ Kc7 32. Rxf7+ 1-0

[Event "Bochum 3- Datteln"]
[Site "?"]
[Date "2023.04.30"]
[Round "8.3"]
[White "Boxberg, Olaf"]
[Black "Candogan, Yafus"]
[Result "1/2-1/2"]
[WhiteElo "1765"]
[BlackElo "1788"]
[PlyCount "58"]
[SourceDate "2022.10.02"]

1. Nf3 Nf6 2. g3 Nc6 3. d3 d5 4. Bg2 e5 5. O-O Be7 6. Nbd2 O-O 7. e4 h6 8. Re1
dxe4 9. Nxe4 Nxe4 10. dxe4 Qxd1 11. Rxd1 Bg4 12. Be3 Rad8 13. c3 Rxd1+ 14. Rxd1
Rd8 15. Rxd8+ Bxd8 16. Nd2 Be6 17. a4 b6 18. Bf1 a5 19. Bb5 Na7 20. Bd3 Be7 21.
Nc4 Bxc4 22. Bxc4 Nc8 23. f4 Nd6 24. Bd3 Bf6 25. Kf2 h5 26. fxe5 Bxe5 27. Bf4
f6 28. Ke3 Kf7 29. Bxe5 fxe5 1/2-1/2

[Event "Bochum 3- Datteln"]
[Site "?"]
[Date "2023.04.30"]
[Round "8.4"]
[White "Czarnetzki, Lori"]
[Black "Neumann, Alfred"]
[Result "1-0"]
[WhiteElo "1767"]
[BlackElo "1655"]
[PlyCount "79"]
[SourceDate "2022.10.02"]

1. d4 Nf6 2. c4 g6 3. Nc3 Bg7 4. e4 d6 5. Nf3 O-O 6. Be2 Nbd7 7. O-O c5 8. d5
Nb6 9. Bf4 Nh5 10. Be3 e5 11. Ne1 Nf4 12. Qd2 Qg5 13. Bxf4 exf4 14. Nf3 Qf6 15.
Rac1 g5 16. e5 dxe5 17. Ne4 Qg6 18. Nxc5 g4 19. Nh4 Qh5 20. g3 f3 21. Bd3 Bh6
22. Qc2 Bxc1 23. Rxc1 f5 24. Ne6 Bxe6 25. dxe6 e4 26. Bf1 Nc8 27. c5 Ne7 28.
Qb3 Rab8 29. Rd1 Qg5 30. Rd7 Rfd8 31. Qc4 Rxd7 32. exd7+ Kf8 33. Qd4 Rd8 34.
Qh8+ Ng8 35. Qxh7 Nf6 36. Ng6+ Qxg6 37. Qxg6 Ke7 38. Qg7+ Ke6 39. Bc4+ Nd5 40.
Bxd5+ 1-0

[Event "Bochum 3- Datteln"]
[Site "?"]
[Date "2023.04.30"]
[Round "8.6"]
[White "Lampe, Thomas"]
[Black "Heiduk, Christopher"]
[Result "1-0"]
[WhiteElo "1901"]
[BlackElo "1500"]
[PlyCount "65"]
[SourceDate "2022.10.02"]

1. e4 c6 2. c4 d5 3. exd5 cxd5 4. cxd5 Qxd5 5. Nc3 Qd8 6. Nf3 Nf6 7. d4 Bg4 8.
Bb5+ Nbd7 9. h3 Bh5 10. g4 Bg6 11. g5 a6 12. Ba4 b5 13. Bc2 Bxc2 14. Qxc2 Nh5
15. Qe2 g6 16. Ne4 Qc7 17. Qe3 Bg7 18. Bd2 O-O 19. Rc1 Qb7 20. O-O e5 21. dxe5
Nxe5 22. Nxe5 Bxe5 23. Bc3 Rfe8 24. Bxe5 Rxe5 25. Nf6+ Nxf6 26. Qxe5 Nh5 27.
Rfe1 Qd7 28. Re3 Ng7 29. Rc7 Qd1+ 30. Kh2 Nf5 31. Rec3 Qd8 32. R3c6 Nd4 33. Rf6
1-0

[Event "Bochum 3- Datteln"]
[Site "?"]
[Date "2023.04.30"]
[Round "8.7"]
[White "Aust, Karlheinz"]
[Black "Hartenberg, Yannick"]
[Result "0-1"]
[WhiteElo "1560"]
[BlackElo "1659"]
[PlyCount "72"]
[SourceDate "2022.10.02"]

1. e4 e5 2. Nf3 Nc6 3. Bc4 Bc5 4. c3 Nf6 5. d4 exd4 6. cxd4 Bb4+ 7. Bd2 Nxe4 8.
Bxb4 Nxb4 9. Bxf7+ Kxf7 10. Qb3+ d5 11. Ne5+ Ke8 12. Qxb4 Qg5 13. Nd2 Qxg2 14.
Qb5+ c6 15. Qf1 Qxf1+ 16. Rxf1 Nxd2 17. Kxd2 Rf8 18. Rae1 Kd8 19. f3 g6 20. Rg1
Bf5 21. h4 Kc7 22. h5 gxh5 23. Rg7+ Kb6 24. Kc3 Rae8 25. b4 h4 26. a4 a6 27.
a5+ Ka7 28. Nxc6+ Ka8 29. Rxe8+ Rxe8 30. Ne7 Bg6 31. Nxd5 h3 32. Nc7+ Kb8 33.
Nxe8 h2 34. Nd6 h1=Q 35. Rxb7+ Ka8 36. Rd7 Qxf3+ 0-1

[Event "Gerthe- Werl"]
[Site "?"]
[Date "2023.04.30"]
[Round "8.2"]
[White "Brueggestraß, Volker"]
[Black "Schwarzkopf, Christian"]
[Result "1/2-1/2"]
[WhiteElo "2036"]
[BlackElo "2164"]
[PlyCount "88"]
[SourceDate "2022.10.02"]

1. e4 d6 2. d4 g6 3. Nc3 Bg7 4. Be3 a6 5. f4 b5 6. a3 Nd7 7. Nf3 Bb7 8. Qd2 c5
9. d5 Ngf6 10. Bd3 O-O 11. O-O Ng4 12. Rae1 Nxe3 13. Qxe3 Qb6 14. Nd1 c4 15.
Qxb6 Nxb6 16. Be2 h6 17. c3 f5 18. Nh4 fxe4 19. Nxg6 Rf6 20. Bh5 Nxd5 21. Rxe4
e5 22. fxe5 Rxf1+ 23. Kxf1 dxe5 24. Bf3 Rd8 25. Re1 Rd6 26. Be4 Rf6+ 27. Kg1
Nf4 28. Nxf4 Bxe4 29. Nh5 Rd6 30. Nf2 Bg6 31. Nxg7 Kxg7 32. Rd1 Bd3 33. g4 Kf7
34. h4 Ke6 35. Kg2 e4 36. Re1 Ke5 37. Kg3 a5 38. g5 hxg5 39. hxg5 Kf5 40. Kh4
Rd8 41. Kg3 b4 42. axb4 axb4 43. Ra1 Kxg5 44. Ra5+ Kg6 1/2-1/2

[Event "Gerthe- Werl"]
[Site "?"]
[Date "2023.04.30"]
[Round "8.3"]
[White "Stolle, Dietmar"]
[Black "Gottmann, Bernd"]
[Result "1/2-1/2"]
[WhiteElo "2021"]
[BlackElo "1902"]
[PlyCount "45"]
[SourceDate "2022.10.02"]

1. c4 g6 2. Nc3 Bg7 3. g3 c5 4. Bg2 Nc6 5. Nf3 e6 6. e3 Nge7 7. d4 d6 8. d5
exd5 9. cxd5 Ne5 10. Nxe5 Bxe5 11. e4 O-O 12. Be3 b5 13. Qd2 Rb8 14. O-O b4 15.
Ne2 a5 16. f4 Bg7 17. e5 Nf5 18. Bf2 Ba6 19. Rac1 Re8 20. Rfe1 dxe5 21. Bxc5
Bxe2 22. Rxe2 Nd6 23. fxe5 1/2-1/2

[Event "Gerthe- Werl"]
[Site "?"]
[Date "2023.04.30"]
[Round "8.4"]
[White "Loeffelbein, Klaus"]
[Black "Huegel, Guido"]
[Result "1/2-1/2"]
[WhiteElo "2000"]
[BlackElo "1761"]
[Annotator "daniel"]
[PlyCount "83"]
[SourceDate "2022.10.02"]

1. d4 Nf6 2. Nf3 d5 3. c4 e6 4. Nc3 c6 5. Bg5 Be7 6. e3 Qa5 7. Qc2 Nbd7 8. a3
O-O 9. c5 h6 10. Bh4 Qd8 11. Bd3 b6 12. b4 Bb7 13. O-O Nh5 14. Bxe7 Qxe7 15.
Qe2 e5 16. Nxe5 Nxe5 17. dxe5 Qxe5 18. Rac1 Rfe8 19. Rfe1 Re7 20. Qd2 Rd8 21.
Ne2 Nf6 22. Qc2 Ng4 23. Ng3 Qf6 $11 24. Nf5 Ree8 25. Nd6 Rxd6 26. cxd6 Qxd6 27.
g3 Ne5 28. Be2 Qe6 29. Qd1 Bc8 30. Bf3 Qf5 31. Be2 Qh3 32. f3 Re6 33. Qd4 Ba6
34. Qf4 Bxe2 35. Rxe2 Nd3 36. Qb8+ Kh7 37. Rf1 c5 38. bxc5 bxc5 39. Qxa7 Rf6
40. Qc7 Qe6 41. f4 Qa6 42. Rd2 1/2-1/2

[Event "Gerthe- Werl"]
[Site "?"]
[Date "2023.04.30"]
[Round "8.5"]
[White "Scheibe, Andreas"]
[Black "Kalle, Yannis"]
[Result "0-1"]
[WhiteElo "1790"]
[BlackElo "1787"]
[PlyCount "126"]
[SourceDate "2022.10.02"]

1. Nf3 Nf6 2. g3 e6 3. Bg2 d5 4. c4 c6 5. O-O Bd6 6. d4 O-O 7. Nbd2 b6 8. Ne5
Qc7 9. f4 Bb7 10. e4 c5 11. Nxf7 Rxf7 12. e5 cxd4 13. exd6 Qxd6 14. Nb3 dxc4
15. Qxd4 Qxd4+ 16. Nxd4 Bxg2 17. Kxg2 Re7 18. Re1 Kf7 19. Be3 Na6 20. Rac1 Rc8
21. Nb5 Rd7 22. b3 Nb4 23. Rxc4 Rxc4 24. bxc4 Nc2 25. Re2 Nxe3+ 26. Rxe3 Rd2+
27. Kf3 Rxa2 28. h4 Nd7 29. Nd4 Nc5 30. f5 exf5 31. Nxf5 Kf6 32. Nd6 Rd2 33.
Ne4+ Nxe4 34. Kxe4 Rd7 35. Rb3 Rc7 36. Kd5 Kf5 37. Rc3 Rc5+ 38. Kd4 Kg4 39. Ra3
Rc7 40. Kd5 h5 41. Kd4 a5 42. Kd5 Rc5+ 43. Kd4 g5 44. hxg5 Rxg5 45. Rb3 Rg6 46.
Rb5 a4 47. Kc3 a3 48. Kb3 Rg5 49. Rxb6 Ra5 50. Rb5 Ra4 51. Ka2 Rxc4 52. Rb3
Rc2+ 53. Kxa3 Rg2 54. Rb8 Rxg3+ 55. Kb2 h4 56. Rb4+ Kh3 57. Kc1 Rg4 58. Rb3+
Kg2 59. Rb2+ Kg1 60. Rd2 h3 61. Rd1+ Kh2 62. Rd2+ Rg2 63. Rd3 Rf2 0-1

[Event "Gerthe- Werl"]
[Site "?"]
[Date "2023.04.30"]
[Round "8.6"]
[White "Boost, Juergen"]
[Black "Krahn, Reinhard"]
[Result "1/2-1/2"]
[WhiteElo "1949"]
[BlackElo "1767"]
[PlyCount "38"]
[SourceDate "2022.10.02"]

1. e4 e6 2. d4 d5 3. Nc3 dxe4 4. Nxe4 Nf6 5. Bg5 Be7 6. Bxf6 Bxf6 7. Nf3 O-O 8.
c3 b6 9. Bd3 Ba6 10. Bxa6 Nxa6 11. Qe2 Nb8 12. O-O Nd7 13. Rfd1 Qe7 14. Nxf6+
Nxf6 15. d5 Rfe8 16. dxe6 Qxe6 17. Qxe6 Rxe6 18. Kf1 c5 19. Rd2 h6 1/2-1/2